Riconosci la nazione dall'isola parte 1 - Statistics

Statistiche generali
  • Questo quiz è stato fatto 82 volte
  • Il punteggio medio è 16 su 21
Statistiche sulle risposte
ISOLA NAZIONE % Corretto
Hong Kong Cina
100%
Manhattan Usa/Stati Uniti
97%
Lampedusa Italia
96%
Maiorca Spagna
96%
Hokkaido Giappone
91%
Bali Indonesia
91%
Terranova Canada
87%
Isola del Nord Nuova Zelanda
85%
Terceira Portogallo
76%
Sakhalin Russia
76%
Gotland Svezia
76%
Zanzibar Tanzania
75%
Phuket Thailandia
73%
Lemno Grecia
72%
Orkney Regno Unito
70%
Mindanao Filippine
69%
Tahiti Francia
66%
Curacao Olanda/Paesi Bassi
61%
Selandia/Zelanda Danimarca
51%
Djerba Tunisia
45%
Sylt Germania
36%
Nessun quiz corrispondente trovato
Distribuzione punteggi
Percentuale di utenti per punteggio
Percentile per numero di risposta
I tuoi punteggi nel tempo
Non hai fatto questo quiz